Listed buildings casework (Record no. 105264)

MARC details
000 -LEADER
fixed length control field 01406cam a2200217 4500
001 - CONTROL NUMBER
control field ##L132869
008 - FIXED-LENGTH DATA ELEMENTS--GENERAL INFORMATION
fixed length control field 060315n2006 000 0 eng u
035 ## - SYSTEM CONTROL NUMBER
System control number (Sirsi) u132869
041 0# - LANGUAGE CODE
Language code of text/sound track or separate title eng
050 04 - LIBRARY OF CONGRESS CALL NUMBER
Classification number 690.241026 $2 18
110 1# - MAIN ENTRY--CORPORATE NAME
Corporate name or jurisdiction name as entry element United Kingdom
Subordinate unit Office of the Deputy Prime Minister
245 00 - TITLE STATEMENT
Title Listed buildings casework
Remainder of title a consultation paper
260 ## - PUBLICATION, DISTRIBUTION, ETC.
Place of publication, distribution, etc. London
Name of publisher, distributor, etc. ODPM
Date of publication, distribution, etc. 2006
520 ## - SUMMARY, ETC.
Summary, etc. Seeks comments on proposals relating to the planning casework affecting Grade 1 and 2 listed buildings in England with a view to the majority of this work being handled by planning inspectors. The consultation covers proposed amendments to the Town and Country Planning (Determination of Appeals by Appointed Persons)(Prescribed Classes) Regulations 1997, known as the Appointed Persons Regulations, and to DETR Circular 01/2001 "Arrangements for handling heritage applications: notification and directions by the Secretary of State". Comments are required by 24 May 2006.
590 ## - LOCAL NOTE (RLIN)
Local note IKA280306
650 24 - SUBJECT ADDED ENTRY--TOPICAL TERM
Topical term or geographic name entry element TOWN AND COUNTRY PLANNING (DETERMINATION OF APPEALS BY APPOINTED PERSONS)(PRESCRIBED CLASSES) REGULATIONS 1997
650 24 - SUBJECT ADDED ENTRY--TOPICAL TERM
Topical term or geographic name entry element DETR CIRCULAR 01/2001
690 ## - LOCAL SUBJECT ADDED ENTRY--TOPICAL TERM (OCLC, RLIN)
Topical term or geographic name as entry element ENVIRONMENTAL AND LAND CONSULTANCY-PLANNING AND DEVELOPMENT-DEVELOPMENT CONTROL
856 40 - ELECTRONIC LOCATION AND ACCESS
Uniform Resource Identifier <a href="https://www.communities.gov.uk/index.asp?id=1163801">https://www.communities.gov.uk/index.asp?id=1163801</a>
Public note View the consultation free of charge at www.dclg.gov.uk...
942 ## - ADDED ENTRY ELEMENTS (KOHA)
Suppress in OPAC 0
Holdings
Withdrawn status Lost status Source of classification or shelving scheme Damaged status Not for loan Home library Current library Shelving location Date acquired Total Checkouts Full call number Barcode Date last seen Copy number Price effective from Koha item type
    Dewey Decimal Classification     Virtual Virtual Online 15/03/2006   ONLINE PUBLICATION 132869-2001 06/08/2019 1 06/08/2019 Book